| 000 | 00739nam a2200229 u 4500 | ||
|---|---|---|---|
| 005 | 20240910063923.0 | ||
| 008 | 080526s1998 r 000 0 eng d | ||
| 020 | _a8426130860 | ||
| 035 | _aUPN01000156294 | ||
| 049 | _aI | ||
| 050 | 4 |
_aPZ11 _bG5.7 |
|
| 100 | 1 | _aGlitz, Angelika | |
| 245 | 1 | 3 |
_aEl secreto de Mili / _cAngelika Glitz, Annette Swoboda ; tr. Christiane Scheurer. |
| 260 |
_aBarcelona, Esp. : _bJuventud, _c1998. |
||
| 300 |
_a[24] p. : _bprincipalmente il. |
||
| 440 | 0 | _aJuventud | |
| 534 |
_pTítulo original: _tMillis Ungeheures Geheimnis |
||
| 650 | 4 |
_aCuentos infantiles alemanes _98589 |
|
| 650 | 4 |
_aLibros y lectura para niños _92290 |
|
| 700 | 1 |
_aSwoboda, Annette, _d1962- _ecoaut. _942901 |
|
| 905 | _aInfantil | ||
| 999 |
_c128408 _d128408 |
||